000 01127nam0a22002891 4500
001 rc\2238202
005 20110829181350.4
035 _a(NLR Aleph) 006648918
090 _a4773241
_c4773241
100 _a20110829d1978 |||y0rusy50 ca
101 0 _arus
102 _aRU
105 _aa z |||||
200 1 _aЭкономика связи
_eУчеб. пособие для электротехн. ин-тов связи
_f[Д. э. н. С.М. Фирсова, кандидаты экон. наук Е.Н. Герасимова, Р.Г. Цатурова и др.]
_gПод ред. к. э. н. А.Ф. Тихоновой
210 _aМосква
_cСвязь
_d1978
215 _a256 с.
_cил.
_d21
701 1 _aЦатурова
_bР. Г.
701 1 _aФирсова
_bС. М.
_gСофья Михайловна
701 1 _aГерасимова
_bЕ. Н.
702 1 _aТихонова
_bА. Ф.
_gАнтонина Федоровна
_4340
801 0 _aRU
_bNLR
_gpsbo
801 1 _aRU
_bELAR
_2rusmarc
852 _aNLR
_j79-3/186
899 _aRuMoRGB
_jБ 78-5/556
899 _aRuMoRGB
_jБ 78-5/557
942 _cBOOK
980 _aNB